000 00984nam a22003617a 4500
001 0008068
003 KOHA_MİRAKIL
005 20260207001620.0
007 ta
008 091007b1992 tu |||gr||||#||||0|tur |
020 _a9754862311
040 _aTR-BiSEU
_btur
_cTR-BiSEU
_erda
041 0 _atur
044 _ctu
050 _aKKX1270
_b.C45 1992
100 1 _aÇelik, Nuri.
245 1 _aİş hukuku dersleri/
_cNuri Çelik ; Nuri Çelik.
250 _a11. bs.
264 1 _aİstanbul :
_bBeta
_c1992
300 _aXXVI, 536 sayfa
336 _ametin
_btxt
_2rdacontent
337 _aaracısız
_bn
_2rdamedia
338 _acilt
_bnc
_2rdacarrier
490 1 _aBeta yayın ;
_vno.
490 1 _a329.
490 1 _aHukuk dizisi ;
_v160.
500 _aKaynakça ve dizin var.
650 0 _aLabor laws and legislation--Turkey.
_96047
830 1 _aBeta yayın ;
_vno.
_93501
830 1 _a329.
_919962
830 1 _aHukuk dizisi ;
_v160.
_95402
942 _2lcc
_cBK
999 _c8042
_d8042